| 000 | 00939nam a2200277 i 4500 | ||
|---|---|---|---|
| 001 | 14726 | ||
| 003 | ES-MaACL | ||
| 005 | 20230906150854.0 | ||
| 007 | t| | ||
| 008 | 990528s1998 sp |||| | spa d | ||
| 020 | _a84-7658-545-4 | ||
| 080 | _a292(0:82) | ||
| 080 | _a821.134.2-1.09"15/16" | ||
| 100 | 1 |
_aRomojaro, Rosa. _999485 |
|
| 245 | 1 | 4 |
_aLas funciones del mito clásico en el Siglo de oro _b: Garcilaso, Góngora, Lope de Vega, Quevedo / _cRosa Romojaro. |
| 250 | _a1ª ed. | ||
| 260 |
_aBarcelona : _bAnthropos, _c1998. |
||
| 300 |
_a206 p. ; _c28 cm. |
||
| 490 | 1 |
_aBiblioteca A. Artes-literatura ; _v30 |
|
| 504 | _aBibliografía: p. 197-204. | ||
| 650 | 4 |
_aMitología clásica- _xEn la literatura. _915102 |
|
| 650 | 1 | 4 |
_aPoesía española- _yS.XVI-XVII- _vHistoria y crítica. _916174 |
| 830 | 0 |
_aBiblioteca A. Artes-literatura ; _v30 _9179660 |
|
| 852 |
_aES-MaACL _jL-21887 _bR.127052 |
||
| 999 |
_c14726 _d14726 |
||